Česká státní statistická služba na prahu Evropské unie. Závazky, výzvy a naděje

Transformácia štátnej štatistiky končí, harmonizácia je procesom trvalým. Rozšírenie EÚ a Európsky štatistický systém. EÚ v procese zmien, výzvy pre štátnu štatistiku. Európsky štatistický systém - vízia európskej štatistiky pre 21.storočie. Kvalita štatistických produktov a služieb - dôležitá prior...

ver descrição completa

Na minha lista:
Detalhes bibliográficos
Autor principal: Fischer, Jan
Outros Autores: Šlégrová, Hana
Formato: Capítulo de Livro
Idioma:tcheco
Assuntos:
Tags: Adicionar Tag
Sem tags, seja o primeiro a adicionar uma tag!

MARC

LEADER 00000naa$a2200000$$$4500
001 0011898
005 20231013081059.9
041 0 |a cze 
044 |a CZ 
245 1 0 |a Česká státní statistická služba na prahu Evropské unie. Závazky, výzvy a naděje  |c aut. Jan Fischer, Hana Šlégrová 
520 |a Transformácia štátnej štatistiky končí, harmonizácia je procesom trvalým. Rozšírenie EÚ a Európsky štatistický systém. EÚ v procese zmien, výzvy pre štátnu štatistiku. Európsky štatistický systém - vízia európskej štatistiky pre 21.storočie. Kvalita štatistických produktov a služieb - dôležitá priorita Európskeho štatistického systému. Európsky štatistický systém a česká štátna štatistika. 
610 2 0 |a štatistika 
610 2 0 |a štatistika celoštátna 
610 2 0 |a služby štatistické 
610 2 0 |a systémy štatistické 
610 2 0 |a údaje štatistické 
610 2 0 |a Európska únia 
610 2 0 |a Česko 
610 2 0 |a transformácia 
100 1 |a Fischer, Jan 
700 1 |a Šlégrová, Hana